[Event "Wch Seniors 65 30th"]
[Site "Assisi"]
[Date "2022.11.16"]
[Round "2"]
[White "Kiefer, Gerhard"]
[Black "Serra Olives, Tomas"]
[Result "1-0"]
[WhiteElo "2260"]
[BlackElo "2025"]
[PlyCount "67"]
[EventDate "2022.11.15"]
[EventType "swiss"]
[EventRounds "11"]
[EventCountry "ITA"]
[SourceTitle "CBM 211 Extra"]
[Source "ChessBase"]
[SourceDate "2023.01.31"]
[SourceVersion "1"]
[SourceVersionDate "2023.01.31"]
[SourceQuality "1"]

1. e4 d6 2. d4 Nf6 3. Nc3 g6 4. Bg5 Bg7 5. Qd2 h6 6. Be3 Ng4 7. Bf4 e5 8. dxe5 Nxe5 9. 0-0-0 Nbc6 10. Kb1 Be6 11. Nd5 g5 12. Bg3 Ne7 13. h4 g4 14. f4 gxf3 15. gxf3 h5 16. c4 N7g6 17. f4 Bh6 18. Qd4 c5 19. Qc3 Bxd5 20. Rxd5 Ng4 21. f5 N6e5 22. Bxe5 Nxe5 23. Rxe5+ dxe5 24. Qxe5+ Kd7 25. Rh3 Kc6 26. Rd3 Qf8 27. Qd5+ Kc7 28. Qd7+ Kb8 29. e5 Rg8 30. Nf3 Bf4 31. Rb3 b6 32. Ng5 Bxe5 33. Bg2 Bc7 34. Qc6 1-0

[Event "Baleares-chT"]
[Site "Palma de Mallorca"]
[Date "2022.02.26"]
[Round "6.3"]
[White "Ponce Cano, Adrian"]
[Black "Serra Olives, Tomas"]
[Result "1-0"]
[WhiteElo "2184"]
[BlackElo "2081"]
[PlyCount "48"]
[EventDate "2022.01.22"]
[EventType "team-tourn"]
[EventRounds "7"]
[EventCountry "ESP"]
[SourceTitle "EXT 2023"]
[Source "ChessBase"]
[SourceDate "2022.10.05"]
[SourceVersion "1"]
[SourceVersionDate "2022.10.05"]
[SourceQuality "1"]
[WhiteTeam "Agora Megaescacs"]
[BlackTeam "Son Dameto"]
[WhiteTeamCountry "ESP"]
[BlackTeamCountry "ESP"]

1. e4 c5 2. Nf3 d6 3. c3 Nf6 4. Be2 Nc6 5. d4 e5 6. d5 Nb8 7. 0-0 Nbd7 8. Qc2 Be7 9. Ne1 0-0 10. f4 exf4 11. Bxf4 Qc7 12. Nd2 b6 13. b3 Rb8 14. a4 a6 15. Nd3 Ne5 16. Nxe5 dxe5 17. Bg3 Ng4 18. Qd3 b5 19. axb5 axb5 20. Ra2 Bd6 21. Rfa1 h5 22. h3 Nf6 23. Rf1 Be7 24. Kh1 h4 1-0

[Event "EU-ch Seniors 65"]
[Site "Budoni"]
[Date "2021.10.03"]
[Round "8"]
[White "Kierzek, Matthias"]
[Black "Serra Olives, Tomas"]
[Result "1/2-1/2"]
[WhiteElo "2199"]
[BlackElo "2118"]
[PlyCount "37"]
[EventDate "2021.09.26"]
[EventType "swiss"]
[EventRounds "9"]
[EventCountry "ITA"]
[SourceTitle "EXT 2023"]
[Source "ChessBase"]
[SourceDate "2022.10.05"]
[SourceVersion "1"]
[SourceVersionDate "2022.10.05"]
[SourceQuality "1"]

1. d4 d5 2. c4 c6 3. Nf3 Nf6 4. e3 e6 5. b3 Nbd7 6. Bb2 Bd6 7. Bd3 0-0 8. 0-0 Ne4 9. Ba3 Bxa3 10. Nxa3 Qe7 11. Nc2 e5 12. cxd5 Nc3 13. d6 Qf6 14. Qd2 e4 15. Nce1 exf3 16. Qxc3 fxg2 17. Nxg2 Qxd6 18. Rac1 Qh6 19. f4 1/2-1/2

[Event "Mallorca-chT Preferente"]
[Site "Palma de Mallorca"]
[Date "2020.02.29"]
[Round "5.3"]
[White "Serra Olives, Tomas"]
[Black "Penas Fuster, Jaime"]
[Result "1/2-1/2"]
[WhiteElo "2124"]
[BlackElo "1907"]
[PlyCount "66"]
[EventDate "2020.02.01"]
[EventType "team-tourn"]
[EventRounds "9"]
[EventCountry "ESP"]
[SourceTitle "CBM 195 Extra"]
[Source "ChessBase"]
[SourceDate "2020.05.31"]
[SourceVersion "1"]
[SourceVersionDate "2020.05.31"]
[SourceQuality "1"]
[WhiteTeam "Son Dameto"]
[BlackTeam "Tropic"]
[WhiteTeamCountry "ESP"]
[BlackTeamCountry "ESP"]

1. e4 e5 2. Nf3 Nc6 3. Bb5 a6 4. Ba4 Nf6 5. 0-0 b5 6. Bb3 Be7 7. Re1 d6 8. c3 0-0 9. h3 Na5 10. Bc2 c5 11. d4 Qc7 12. Nbd2 Bd7 13. Nf1 cxd4 14. cxd4 Rac8 15. Re2 Nc6 16. Ng3 Nb4 17. Bb3 Nc6 18. Be3 a5 19. a3 a4 20. Ba2 Qb7 21. Rc1 b4 22. axb4 Nxb4 23. Bb1 Rxc1 24. Bxc1 Bb5 25. Re1 Nd7 26. Nf5 Re8 27. Nxe7+ Rxe7 28. dxe5 dxe5 29. Qd6 Nc6 30. Ba2 Nf8 31. Bd5 Qc7 32. Qc5 Nd4 33. Qxc7 Rxc7 1/2-1/2

[Event "Wch Seniors 65 29th"]
[Site "Bucharest"]
[Date "2019.11.15"]
[Round "4"]
[White "Markzon, Gregory"]
[Black "Serra Olives, Tomas"]
[Result "1-0"]
[WhiteElo "2038"]
[BlackElo "2147"]
[PlyCount "63"]
[EventDate "2019.11.12"]
[EventType "swiss"]
[EventRounds "11"]
[EventCountry "ROU"]
[SourceTitle "CBM 193 Extra"]
[Source "ChessBase"]
[SourceDate "2020.01.31"]
[SourceVersion "1"]
[SourceVersionDate "2020.01.31"]
[SourceQuality "1"]

1. d4 Nf6 2. c4 e6 3. Nc3 Bb4 4. e3 0-0 5. Bd3 d5 6. a3 Bxc3+ 7. bxc3 dxc4 8. Bxc4 b6 9. Qf3 c6 10. Ne2 Bb7 11. 0-0 Qc7 12. Qh3 Nbd7 13. Bd3 c5 14. Bb2 Be4 15. Rfd1 Bxd3 16. Rxd3 c4 17. Rdd1 b5 18. f3 Nb6 19. e4 Na4 20. Bc1 Qa5 21. Rf1 h6 22. Rb1 Rad8 23. Bd2 Rd7 24. d5 Qd8 25. Nd4 exd5 26. e5 Nh7 27. Rxb5 Re8 28. Qg3 Qc7 29. Nf5 Qxe5 30. Re1 Qxf5 31. Rxe8+ Nf8 32. Rbb8 1-0

[Event "Wch Seniors 65 29th"]
[Site "Bucharest"]
[Date "2019.11.14"]
[Round "3"]
[White "Serra Olives, Tomas"]
[Black "Green, Per"]
[Result "1-0"]
[WhiteElo "2147"]
[BlackElo "1958"]
[PlyCount "49"]
[EventDate "2019.11.12"]
[EventType "swiss"]
[EventRounds "11"]
[EventCountry "ROU"]
[SourceTitle "CBM 193 Extra"]
[Source "ChessBase"]
[SourceDate "2020.01.31"]
[SourceVersion "1"]
[SourceVersionDate "2020.01.31"]
[SourceQuality "1"]

1. e4 c5 2. Nf3 e6 3. d4 cxd4 4. Nxd4 Nc6 5. Nc3 Qc7 6. Be3 a6 7. Qd2 Nf6 8. Be2 b5 9. f3 Bb7 10. 0-0 Bc5 11. Kh1 Nxd4 12. Bxd4 Bxd4 13. Qxd4 d6 14. Bxb5+ axb5 15. Nxb5 Qc6 16. Nxd6+ Ke7 17. Rfd1 Ra5 18. c4 Rd8 19. Nf5+ exf5 20. Qxd8+ Ke6 21. Rd5 fxe4 22. Rad1 Ra6 23. f4 Nxd5 24. cxd5+ Qxd5 25. Rxd5 1-0

[Event "ESP-ch Seniors 65+"]
[Site "Altea"]
[Date "2017.10.11"]
[Round "5"]
[White "Aizpurua Blanco, Juan Antonio"]
[Black "Serra Olives, Tomas"]
[Result "0-1"]
[WhiteElo "2014"]
[BlackElo "2146"]
[PlyCount "54"]
[EventDate "2017.10.07"]
[EventType "swiss"]
[EventRounds "9"]
[EventCountry "ESP"]
[SourceTitle "CBM 181 Extra"]
[Source "ChessBase"]
[SourceDate "2017.12.12"]
[SourceVersion "1"]
[SourceVersionDate "2017.12.12"]
[SourceQuality "1"]

1. e4 c5 2. Nf3 Nc6 3. g3 Nf6 4. d3 d5 5. exd5 Nxd5 6. Bg2 e5 7. Nc3 Be7 8. 0-0 Be6 9. Re1 f6 10. Be3 Qd7 11. Nh4 Nxe3 12. fxe3 g5 13. Nf3 Bg4 14. Qd2 0-0-0 15. e4 Be6 16. Kh1 h5 17. Nd5 h4 18. Nxe7+ Qxe7 19. Kg1 hxg3 20. hxg3 Bg4 21. Nh2 Bh3 22. Nf1 Qd7 23. Qf2 Bxg2 24. Kxg2 Nd4 25. Nh2 Qh3+ 26. Kh1 Nf3 27. Re2 Nxh2 0-1

[Event "Balears-ch Seniors 50"]
[Site "Palma de Mallorca"]
[Date "2017.09.03"]
[Round "4"]
[White "Munar Mut, Antoni"]
[Black "Serra Olives, Tomas"]
[Result "0-1"]
[WhiteElo "1956"]
[BlackElo "2142"]
[PlyCount "120"]
[EventDate "2017.09.01"]
[EventType "swiss"]
[EventRounds "5"]
[EventCountry "ESP"]
[SourceTitle "CBM 180 Extra"]
[Source "ChessBase"]
[SourceDate "2017.10.06"]
[SourceVersion "1"]
[SourceVersionDate "2017.10.06"]
[SourceQuality "1"]

1. e4 c5 2. b3 Nc6 3. Bb2 d6 4. Nf3 Nf6 5. d3 e6 6. Be2 Be7 7. 0-0 a6 8. Nbd2 Qc7 9. Nc4 b5 10. Ne3 0-0 11. Rc1 Bb7 12. Re1 Qb6 13. h3 Rfd8 14. Ng4 Nxg4 15. hxg4 d5 16. exd5 Rxd5 17. Rb1 Rad8 18. Qc1 Qc7 19. a4 Nb4 20. Ra1 h6 21. axb5 axb5 22. Bc3 Nc6 23. Bb2 Nd4 24. Nxd4 cxd4 25. Bf3 Rc5 26. Bxb7 Qxb7 27. Re2 Rg5 28. Re4 Bf6 29. Qd1 Qc6 30. b4 Rgd5 31. Bc1 Ra8 32. Rxa8+ Qxa8 33. Re1 Qa4 34. Bd2 Rd8 35. Qb1 Ra8 36. Bf4 Be7 37. Bd2 Qa2 38. f4 Qxb1 39. Rxb1 Ra2 40. f5 e5 41. Rc1 Rb2 42. Kf1 Bxb4 43. Bxb4 Rxb4 44. Ra1 Ra4 45. Rb1 b4 46. Ke2 Kf8 47. Kf3 Ke7 48. Ke4 Kd6 49. Rb2 f6 50. g3 Kc5 51. Kf3 Ra1 52. Kf2 Rh1 53. Kf3 Rh2 54. Ke4 Rf2 55. Ra2 b3 56. Ra7 bxc2 57. Rc7+ Kb4 58. g5 hxg5 59. g4 Kb3 60. Kd5 Kb2 0-1

[Event "ESP-ch Seniors 65"]
[Site "Altea"]
[Date "2016.10.16"]
[Round "9"]
[White "Serra Olives, Tomas"]
[Black "Gonzalez Rivera, Eduardo"]
[Result "1-0"]
[WhiteElo "2171"]
[BlackElo "2040"]
[PlyCount "49"]
[EventDate "2016.10.09"]
[EventType "swiss"]
[EventRounds "9"]
[EventCountry "ESP"]
[SourceTitle "EXT 2024"]
[Source "ChessBase"]
[SourceDate "2023.10.10"]
[SourceVersion "1"]
[SourceVersionDate "2023.10.10"]
[SourceQuality "1"]

1. e4 e5 2. Nf3 Nc6 3. Bb5 a6 4. Ba4 Nf6 5. 0-0 Nxe4 6. d4 b5 7. Bb3 d5 8. dxe5 Be6 9. c3 Bc5 10. Qe2 Bg4 11. Rd1 Be6 12. Be3 0-0 13. Nbd2 Bxe3 14. Qxe3 Nxd2 15. Rxd2 Na5 16. Nd4 Qe7 17. h3 c5 18. Ne2 d4 19. cxd4 Nxb3 20. axb3 cxd4 21. Nxd4 Rfc8 22. f4 g6 23. Nf3 Qc5 24. Rd8+ Kg7 25. Qxc5 1-0

[Event "ESP-ch Seniors 65"]
[Site "Altea"]
[Date "2016.10.12"]
[Round "4"]
[White "Fernandez Garcia, Ignacio"]
[Black "Serra Olives, Tomas"]
[Result "0-1"]
[WhiteElo "1862"]
[BlackElo "2171"]
[PlyCount "41"]
[EventDate "2016.10.09"]
[EventType "swiss"]
[EventRounds "9"]
[EventCountry "ESP"]
[SourceTitle "EXT 2024"]
[Source "ChessBase"]
[SourceDate "2023.10.10"]
[SourceVersion "1"]
[SourceVersionDate "2023.10.10"]
[SourceQuality "1"]

1. e4 c5 2. Nc3 Nc6 3. Nf3 Nf6 4. d3 g6 5. h3 d6 6. g4 Bg7 7. Bg2 e6 8. Ne2 d5 9. exd5 Nxd5 10. Ng3 b6 11. 0-0 Bb7 12. Re1 Qc7 13. Qd2 0-0-0 14. a3 Kb8 15. Rb1 Ne5 16. Nxe5 Bxe5 17. Bxd5 Bxd5 18. Qe3 Bd4 19. Qe2 Qd6 20. Qd1 g5 21. Ra1 0-1

[Event "ESP-ch Seniors 65"]
[Site "Altea"]
[Date "2016.10.11"]
[Round "3"]
[White "Serra Olives, Tomas"]
[Black "Ortega Morales, Pedro"]
[Result "1-0"]
[WhiteElo "2171"]
[BlackElo "1788"]
[PlyCount "71"]
[EventDate "2016.10.09"]
[EventType "swiss"]
[EventRounds "9"]
[EventCountry "ESP"]
[SourceTitle "EXT 2024"]
[Source "ChessBase"]
[SourceDate "2023.10.10"]
[SourceVersion "1"]
[SourceVersionDate "2023.10.10"]
[SourceQuality "1"]

1. Nf3 d5 2. d4 e6 3. c4 Nf6 4. Nc3 Be7 5. g3 0-0 6. Bg2 c5 7. cxd5 exd5 8. 0-0 Be6 9. dxc5 Bxc5 10. Bg5 Be7 11. Nd4 h6 12. Bf4 a6 13. Nxe6 fxe6 14. Bh3 Qd7 15. Qb3 Bc5 16. e4 Kh8 17. Rad1 Qf7 18. exd5 exd5 19. Nxd5 Nxd5 20. Rxd5 b6 21. Qf3 Nc6 22. Rd7 Ne5 23. Qxa8 Rxa8 24. Bxe5 Qh5 25. Bxg7+ Kh7 26. Bc3+ Kg8 27. Be6+ Kf8 28. Bg7+ Ke8 29. Bf7+ Qxf7 30. Rxf7 Kxf7 31. Bxh6 Rb8 32. Kg2 Bd4 33. b3 Re8 34. Be3 Bf6 35. Rc1 Re6 36. h4 1-0

[Event "Mallorca-chT Preferente"]
[Site "Mallorca"]
[Date "2016.03.15"]
[Round "7.3"]
[White "Serra Olives, Tomas"]
[Black "Vich Ramirez, Carles"]
[Result "1-0"]
[WhiteElo "2117"]
[BlackElo "2116"]
[PlyCount "90"]
[EventDate "2016.03.01"]
[EventType "team-tourn"]
[EventRounds "9"]
[EventCountry "ESP"]
[SourceTitle "EXT 2024"]
[Source "ChessBase"]
[SourceDate "2023.10.10"]
[SourceVersion "1"]
[SourceVersionDate "2023.10.10"]
[SourceQuality "1"]
[WhiteTeam "Son Dameto"]
[BlackTeam "La Balanguera"]
[WhiteTeamCountry "ESP"]
[BlackTeamCountry "ESP"]

1. e4 d5 2. exd5 Qxd5 3. d4 Nf6 4. Nc3 Qa5 5. Bc4 c6 6. Nf3 Bf5 7. Ne5 e6 8. Bd2 Nbd7 9. Nd5 Qd8 10. Ne3 Bg6 11. Nxg6 hxg6 12. Bd3 Nb6 13. c3 Qc7 14. g3 Bd6 15. Qe2 0-0-0 16. 0-0-0 Kb8 17. Kb1 c5 18. Rc1 cxd4 19. cxd4 Qe7 20. Ba5 Bc7 21. Bc3 Nbd5 22. f4 Nxe3 23. Qxe3 Bb6 24. Qe5+ Qd6 25. Bc4 Rh5 26. Qe2 Bxd4 27. Rhd1 Qb6 28. g4 Nxg4 29. Qxg4 Rxh2 30. b3 Bxc3 31. Rxc3 Rdh8 32. Rcd3 Qf2 33. R3d2 Qe3 34. Rd8+ Rxd8 35. Rxd8+ Kc7 36. Qd1 Qe4+ 37. Bd3 Qc6 38. Bf1 Qe4+ 39. Qd3 Qxd3+ 40. Rxd3 Rf2 41. Rc3+ Kd6 42. Bb5 Rxf4 43. Rd3+ Kc5 44. Be8 g5 45. Rd7 f5 1-0

[Event "Wch Seniors 65 24th"]
[Site "Katerini"]
[Date "2014.11.02"]
[Round "9"]
[White "Vasiukov, Evgeni"]
[Black "Serra Olives, Tomas"]
[Result "1-0"]
[WhiteElo "2448"]
[BlackElo "2156"]
[PlyCount "81"]
[EventDate "2014.10.24"]
[EventType "swiss"]
[EventRounds "11"]
[EventCountry "GRE"]
[SourceTitle "EXT 2015"]
[Source "ChessBase"]
[SourceDate "2014.11.20"]
[SourceVersion "1"]
[SourceVersionDate "2014.11.20"]
[SourceQuality "1"]

1. c4 Nf6 2. Nc3 e6 3. Nf3 c5 4. g3 b6 5. Bg2 Bb7 6. 0-0 d6 7. Re1 Be7 8. e4 Nbd7 9. d4 cxd4 10. Nxd4 Qc7 11. Ndb5 Qb8 12. f4 a6 13. Nd4 0-0 14. g4 g6 15. g5 Nh5 16. f5 e5 17. f6 exd4 18. fxe7 Re8 19. Qxd4 Rxe7 20. Be3 Ne5 21. Rad1 Rd7 22. Rf1 Ng4 23. Bc1 Ne5 24. Bh3 Rd8 25. Na4 Bc8 26. Bg2 Bg4 27. Rd2 b5 28. Nb6 Ra7 29. c5 Rb7 30. Nd5 Rbd7 31. b3 Nc6 32. Nf6+ Nxf6 33. Qxf6 Qa7 34. Rd5 Ne5 35. Bb2 Re8 36. h3 Be2 37. Re1 Re6 38. Qf2 Bd3 39. cxd6 Qxf2+ 40. Kxf2 Bc2 41. Bxe5 1-0

[Event "Wch Seniors 65 24th"]
[Site "Katerini"]
[Date "2014.11.01"]
[Round "8"]
[White "Serra Olives, Tomas"]
[Black "Filipenko, Alexander V"]
[Result "1-0"]
[WhiteElo "2156"]
[BlackElo "2292"]
[PlyCount "115"]
[EventDate "2014.10.24"]
[EventType "swiss"]
[EventRounds "11"]
[EventCountry "GRE"]
[SourceTitle "EXT 2015"]
[Source "ChessBase"]
[SourceDate "2014.11.20"]
[SourceVersion "1"]
[SourceVersionDate "2014.11.20"]
[SourceQuality "1"]

1. e4 c5 2. Nf3 d6 3. d4 cxd4 4. Nxd4 Nf6 5. Nc3 e6 6. Be3 Be7 7. f3 0-0 8. Qd2 e5 9. Nb3 Be6 10. 0-0-0 a5 11. Bb5 Na6 12. Kb1 Nc7 13. Bb6 Qb8 14. Nxa5 Nxb5 15. Nxb5 Ra6 16. Bf2 Rc8 17. a3 d5 18. exd5 Nxd5 19. Nb3 Ra4 20. Rhe1 f6 21. Re4 Qa8 22. N3d4 Bf7 23. Nf5 Bf8 24. Rxa4 Qxa4 25. Nfd6 Bxd6 26. Nxd6 Rd8 27. Bc5 b6 28. Bb4 Nxb4 29. Qxb4 Qc6 30. Rd2 Bg6 31. Nf5 Qc7 32. Rxd8+ Qxd8 33. Qd6 Qxd6 34. Nxd6 Kf8 35. Nc8 e4 36. Nxb6 e3 37. Kc1 e2 38. Kd2 Bxc2 39. Kxe2 Ke7 40. Ke3 Kd6 41. Kd4 Bb3 42. Nc4+ Ke6 43. Ne3 g5 44. g3 Kd6 45. f4 gxf4 46. gxf4 h5 47. h4 Kc6 48. a4 Bxa4 49. Nd5 Kd6 50. Nxf6 Ke6 51. Nxh5 Kf5 52. Ke3 Kg4 53. Ng7 Kxh4 54. Ke4 Bb3 55. Ke5 Kg4 56. f5 Kg5 57. Ne6+ Kh6 58. Nd4 1-0